<?xml version="1.0" encoding="UTF-8"?>
<record
    xmlns:xsi="http://www.w3.org/2001/XMLSchema-instance"
    xsi:schemaLocation="http://www.loc.gov/MARC21/slim http://www.loc.gov/standards/marcxml/schema/MARC21slim.xsd"
    xmlns="http://www.loc.gov/MARC21/slim">

  <leader>01118nam a22002657a 4500</leader>
  <controlfield tag="003">OSt</controlfield>
  <controlfield tag="005">20170725165753.0</controlfield>
  <controlfield tag="008">170725e2014    spc||||g||||||||| ||cat|d</controlfield>
  <datafield tag="017" ind1=" " ind2=" ">
    <subfield code="a">DL: B-26945-2013</subfield>
  </datafield>
  <datafield tag="020" ind1=" " ind2=" ">
    <subfield code="a">9788498505092</subfield>
  </datafield>
  <datafield tag="040" ind1=" " ind2=" ">
    <subfield code="a">ES-BaCBU</subfield>
    <subfield code="b">cat</subfield>
    <subfield code="c">CDMR</subfield>
  </datafield>
  <datafield tag="100" ind1="1" ind2=" ">
    <subfield code="a">Candel, Francisco</subfield>
    <subfield code="d">1925-2007</subfield>
    <subfield code="9">2983</subfield>
  </datafield>
  <datafield tag="245" ind1="1" ind2="0">
    <subfield code="a">Candel i Barcelona</subfield>
    <subfield code="b">: la ciutat dels altres catalans 1958-1964 </subfield>
    <subfield code="c">/ [Textos : Francesc Candel]</subfield>
  </datafield>
  <datafield tag="260" ind1=" " ind2=" ">
    <subfield code="a">Barcelona:</subfield>
    <subfield code="b">Ajuntament de Barcelona,</subfield>
    <subfield code="c">2014</subfield>
  </datafield>
  <datafield tag="300" ind1=" " ind2=" ">
    <subfield code="a">212 p. : il. ;</subfield>
    <subfield code="c">24 cm</subfield>
  </datafield>
  <datafield tag="500" ind1=" " ind2=" ">
    <subfield code="a">Commemoraci&#xF3; dels 50 anys de la publicaci&#xF3; del llibre "Els altres catalans" i ha estat elaborat amb la col&#xB7;laboraci&#xF3; de la Fundaci&#xF3; Paco Candel i la fam&#xED;lia de l'escriptor</subfield>
  </datafield>
  <datafield tag="600" ind1="1" ind2="0">
    <subfield code="a">Candel, Francisco</subfield>
    <subfield code="9">2983</subfield>
  </datafield>
  <datafield tag="610" ind1="2" ind2="4">
    <subfield code="a">Mercat Fira de Bellcaire</subfield>
  </datafield>
  <datafield tag="650" ind1="0" ind2="4">
    <subfield code="a">Reportatges</subfield>
    <subfield code="z">Catalunya</subfield>
    <subfield code="z">Barcelona</subfield>
    <subfield code="y">1958-1964</subfield>
  </datafield>
  <datafield tag="650" ind1="0" ind2="4">
    <subfield code="a">Immigrants</subfield>
    <subfield code="z">Barcelona (Catalunya)</subfield>
    <subfield code="x">Aspectes sociol&#xF2;gics</subfield>
  </datafield>
  <datafield tag="650" ind1="0" ind2="4">
    <subfield code="a">Barraquisme</subfield>
    <subfield code="z">Barcelona (Catalunya)</subfield>
    <subfield code="x">Hist&#xF2;ria</subfield>
    <subfield code="y">S. XX</subfield>
  </datafield>
  <datafield tag="651" ind1=" " ind2="4">
    <subfield code="a">Barcelona (Catalunya)</subfield>
    <subfield code="x">Hist&#xF2;ria</subfield>
    <subfield code="y">1958-1964 </subfield>
  </datafield>
  <datafield tag="710" ind1="1" ind2=" ">
    <subfield code="a">Barcelona (Catalunya).</subfield>
    <subfield code="b">Ajuntament</subfield>
  </datafield>
  <datafield tag="942" ind1=" " ind2=" ">
    <subfield code="c">MON</subfield>
  </datafield>
  <datafield tag="999" ind1=" " ind2=" ">
    <subfield code="c">7058</subfield>
    <subfield code="d">7058</subfield>
  </datafield>
  <datafield tag="952" ind1=" " ind2=" ">
    <subfield code="0">0</subfield>
    <subfield code="1">0</subfield>
    <subfield code="4">0</subfield>
    <subfield code="7">0</subfield>
    <subfield code="a">CDMR</subfield>
    <subfield code="b">CDMR</subfield>
    <subfield code="d">2017-07-25</subfield>
    <subfield code="e">Donaci&#xF3;</subfield>
    <subfield code="g">17.00</subfield>
    <subfield code="l">3</subfield>
    <subfield code="m">1</subfield>
    <subfield code="o">Du 6/95</subfield>
    <subfield code="p">CDMR17070014</subfield>
    <subfield code="r">2019-12-17</subfield>
    <subfield code="s">2019-12-16</subfield>
    <subfield code="v">17.00</subfield>
    <subfield code="w">2017-07-25</subfield>
    <subfield code="y">MON</subfield>
  </datafield>
</record>
